000 00670nam a2200229 a 4500
001 59193
003 BD-RjUL
005 20211209080713.0
008 161221r19681950nyu 001 0 eng c
035 _a(BD-RjUL)59317
040 _aLC
_beng
_cLC
_dLC
_dBD-RjUL
041 _aeng
082 0 0 _a341.48
_223
_bLAI 1968
100 1 _aLauterpacht, Hersch,
_d1897-1960.
_9176020
245 1 0 _aInternational law and human rights /
_cH. Lauterpacht
260 _a[Hamden, Conn.] :
_bArchon Books,
_c1950 [Reprinted 1968].
300 _axvi, 475 p. ;
_c25 cm.
500 _aIncludes index
650 0 _aHuman rights.
_9172338
942 _2ddc
_cBK
999 _c59193
_d59193